Hickory dickory dock and other silly-time rhymes / (Record no. 2445)

MARC details
000 -LEADER
fixed length control field 01093cam a2200313 a 4500
005 - DATE AND TIME OF LATEST TRANSACTION
control field 20231208104612.0
020 ## - INTERNATIONAL STANDARD BOOK NUMBER
International Standard Book Number 9781592496914
040 ## - CATALOGING SOURCE
Original cataloging agency DLC
Transcribing agency DLC
Modifying agency DLC
Language of cataloging eng
050 00 - LIBRARY OF CONGRESS CALL NUMBER
Classification number PZ8.3
082 00 - DEWEY DECIMAL CLASSIFICATION NUMBER
Edition number 398.84
100 ## - MAIN ENTRY--PERSONAL NAME
Personal name East, Jacquelin
245 00 - TITLE STATEMENT
Title Hickory dickory dock and other silly-time rhymes /
Statement of responsibility, etc. illustrated by Jacqueline
250 ## - EDITION STATEMENT
Edition statement Pirnted in China
260 ## - PUBLICATION, DISTRIBUTION, ETC.
Place of publication, distribution, etc. Palm Pushing
Date of publication, distribution, etc. 2007
300 ## - PHYSICAL DESCRIPTION
Extent 23 unnumbered pages :
Other physical details color illustrations ;
Dimensions 26 cm
490 ## - SERIES STATEMENT
Materials specified Mother Goose-A Read-Aloud Book
500 ## - GENERAL NOTE
General note "A read-aloud book"--Cover.
505 ## - FORMATTED CONTENTS NOTE
Formatted contents note G <br/>
520 ## - SUMMARY, ETC.
Summary, etc. Mother Goose "SILLY-TIME" program uses engaging music, colorful illustrations and well-loved rhymes to build and strengthen a child's developing motor, listening, visual and verbal skills.
521 ## - TARGET AUDIENCE NOTE
Target audience note 350 <br/>
Source Lexile <br/>
521 ## - TARGET AUDIENCE NOTE
Target audience note G <br/>
Source Raz-Plus <br/>
650 #0 - SUBJECT ADDED ENTRY--TOPICAL TERM
Topical term or geographic name entry element Nursery rhymes.
650 #0 - SUBJECT ADDED ENTRY--TOPICAL TERM
Topical term or geographic name entry element Children's poetry.
650 #1 - SUBJECT ADDED ENTRY--TOPICAL TERM
Topical term or geographic name entry element Nursery rhymes.
700 1# - ADDED ENTRY--PERSONAL NAME
Personal name East, Jacqueline
Relator term illustrator
906 ## - LOCAL DATA ELEMENT F, LDF (RLIN)
a 7
b cbc
c orignew
d 1
e ecip
f 20
g y-gencatlg
942 ## - ADDED ENTRY ELEMENTS (KOHA)
Source of classification or shelving scheme Dewey Decimal Classification
Koha item type Books
Suppress in OPAC No
999 ## -
-- 2445
-- 2445
Holdings
Withdrawn status Lost status Source of classification or shelving scheme Damaged status Not for loan Collection Home library Current library Shelving location Date acquired Total Checkouts Full call number Barcode Date last seen Copy number Price effective from Koha item type
    Dewey Decimal Classification     Juvenile Fiction Footprints International School Library Network Toul Tom Poung Campus Footprints International School Library Network Toul Tom Poung Campus TTP Primary Green Bookshelves 12/08/2023   Eas Fic PZ8.3 FIS03025 12/08/2023 1 12/08/2023 Books